000 nam a22 a 4500
999 _c205408
_d205408
003 BLK
005 20181005115211.0
008 180411b bul|||||r ||||||| ||bul||
010 _aKNG00215013000
020 _a978-619-01-116-1
040 _aBLK
041 _aBUL
_cBUL
072 7 _2bullib
_aН32
_xПолитика Н
080 _aМеждународни политически отношения. Световна политика. Международна политика. Дипломация
_b327
_x(497.2:47+57)(093)
_z327(497.2:47+57)(093)
100 1 _aБаева, Искра Василева
_eпърви автор
_9364406
139 _aБаева, Искра Василева и др.
_bБ 13
245 1 0 _a[Шестнадесета] 16-а република ли?
_bИзследвания и документи за българо-съветските отношения след Втората световна война
_cИскра Василева Баева; съавт. Евгения Иванова Калинова.
257 _aBGR
260 _bИзток-Запад
_c2017
300 _a704 с.
_c24 см
380 _a9
500 _aИменен показалец. - Библиогр. под линия.
650 4 _aМеждународни отношения - България - СССР - история - извори
_9350687
651 4 _aБългария
_9241624
651 4 _aСССР
_9179592
653 _aмеждународни отношения
653 _aисторически извори
653 _aдокументи
659 _aН
700 1 _aКалинова, Евгения Иванова
_eсъавт.
_9365080
852 _aЦб 290605
_bЦб
856 4 _qpdf
856 4 _qpdf
942 _cKNG
_n0
_01
944 _aCR
_c17.12.2017
_lф /
_kВиолета_Тройчева
944 _aED
_c22.01.2018
_lф /
_kЛюдмила_Стоянова
999 _d205408
999 _d205408